书目信息 |
| 题名: |
剪不断,理还乱
|
|
| 作者: | 邓鹏 , 李小兵 , 刘国力 著 | |
| 分册: | ||
| 出版信息: | 北京 中国社会科学出版社 2000.01 |
|
| 页数: | 439页 | |
| 开本: | 32开 | |
| 丛书名: | 透视美国书系 | |
| 单 册: | ||
| 中图分类: | D871.20 | |
| 科图分类: | ||
| 主题词: | 对外政策--研究--美国 , 中外关系--研究 | |
| 电子资源: | ||
| ISBN: | 7-5004-2663-1 | |
| 000 | 00930nam0 2200277 45 | |
| 001 | 0109240835 | |
| 005 | 20031219104057.7 | |
| 010 | @a7-5004-2663-1@dCNY22.00 | |
| 100 | @a20010924d2000 km y0chiy0120 ea | |
| 101 | 0 | @achi |
| 105 | @aac z 000yy | |
| 200 | 1 | @a剪不断,理还乱@AJian Bu Duan,Li Hai Luan@e美国外交与美中关系@EMei Guo Wai Jiao Yu Mei Zhong Guan Xi@f邓鹏,李小兵,刘国力著@FDeng Peng,Li Xiao Bing,Liu Guo Li Zhu |
| 210 | @a北京@c中国社会科学出版社@d2000.01 | |
| 215 | @a439页@c肖像,插图@d32开 | |
| 225 | @a透视美国书系@f邓鹏主编 | |
| 410 | @12001 @a透视美国书系 | |
| 410 | @1700 0@a邓鹏@ADeng Peng@4主编 | |
| 517 | @a美国外交与美中关系@AMei Guo Wai Jiao Yu Mei Zhong Guan Xi | |
| 606 | 0 | @a对外政策@x研究@y美国 |
| 606 | 0 | @a中外关系@x研究 |
| 690 | @aD871.20@v3 | |
| 701 | @a邓鹏@4著 | |
| 701 | 0 | @a李小兵@4著 |
| 701 | 0 | @a刘国力@4著 |
| 801 | @aCN@bTSTC@c20010924 | |
| 905 | @b314509@dD871.20@e30@f1 | |
| 剪不断,理还乱:美国外交与美中关系/邓鹏,李小兵,刘国力著.-北京:中国社会科学出版社,2000.01 |
| 439页:肖像,插图;32开.-(透视美国书系/邓鹏主编) |
| ISBN 7-5004-2663-1:CNY22.00 |
| ● |
| 相关链接 |
|
|
|
|
正题名:剪不断,理还乱
索取号:D871.20/30
 
预约/预借
| 序号 | 登录号 | 条形码 | 馆藏地/架位号 | 状态 | 备注 |
| 1 | 0314509 | 203145097 | 第一样本阅览室/ [索取号:D871.20/30] | 在馆 |